logo

Bir Sreshtho Munshi Abdur Rouf Library
Jhenaidah Cadet College

আবিস্কারের ইতিবৃত্ত / (Record no. 1565)

MARC details
000 -LEADER
fixed length control field 00712nam a2200229 a 4500
001 - CONTROL NUMBER
JCCL Control Number 1565
003 - CONTROL NUMBER IDENTIFIER
JCCL marc code BD-JhCC
005 - DATE AND TIME OF LATEST TRANSACTION
control field 20190624134017.0
008 - FIXED-LENGTH DATA ELEMENTS--GENERAL INFORMATION
fixed length control field 171021s2010 bg |||| ||a| 000 0 ben d
020 ## - INTERNATIONAL STANDARD BOOK NUMBER
International Standard Book Number 9847013800897
035 ## - SYSTEM CONTROL NUMBER
system control number (BD-JhCC)1565
040 ## - CATALOGING SOURCE
Original cataloging agency BD-JhCC
Modifying agency BD-JhCC
041 ## - LANGUAGE CODE
Language code of Book ben
082 ## - DEWEY DECIMAL CLASSIFICATION NUMBER
DDC Edition number 23
Classification number 500
Author mark and Year KAR 2010
100 ## - MAIN ENTRY--PERSONAL NAME
Personal name করিম, কে. এন. শাহজাহান
245 ## - TITLE STATEMENT
Title আবিস্কারের ইতিবৃত্ত /
Statement of responsibility, etc কে. এন. শাহজাহান করিম
260 ## - PUBLICATION, DISTRIBUTION, ETC. (IMPRINT)
Place of publication, distribution, etc ঢাকা :
Name of publisher, distributor, etc বিদ্যা প্রকাশ,
Date of publication, distribution, etc ২০১০.
300 ## - PHYSICAL DESCRIPTION
Pagination 180 p. :
Dimensions 22 cm.
650 ## - SUBJECT ADDED ENTRY--TOPICAL TERM
Topical term or geographic name as entry element Science
942 ## - ADDED ENTRY ELEMENTS (KOHA)
Source of classification or shelving scheme Dewey Decimal Classification
Koha item type Books
Koha issues (borrowed), all copies 1
Holdings
Source of classification or shelving scheme Damaged status Not for loan Home library Current library Shelving location Date of accession Cost, normal purchase price Total Checkouts Full call number Barcode Date last seen Date checked out Copy number Koha item type
Dewey Decimal Classification     JCC Rouf Library JCC Rouf Library General Stacks 10/21/2017 130.00 1 500 KRM 2010 2875 07/08/2019 06/24/2019 C-1 Books

JCC Library | Contacts | JCC Home

Last Update on 23 September 2017
Copyright @ 2017-2020 JCC Rouf Library
Rouf Library, Jhenidah Cadet College (JCC), Bangladesh